Sports Quiz

Random Sports or Olympics Quiz

Winter Olympic Top 10 Blitz Quiz Stats

 Plays Quiz Updated Feb 25, 2018

Challenge
Share
Tweet
Embed
Score 0/234 Timer 02:00
0 Plays Today
Olympics Country % Correct
1924United States
99.5%
1928United States
99.4%
1932United States
99.4%
1936United States
99.4%
1948United States
99.4%
1952United States
99.4%
1956United States
99.4%
1960United States
99.4%
1964United States
99.4%
1968United States
99.4%
1972United States
99.4%
1976United States
99.4%
1980United States
99.4%
1984United States
99.4%
1988United States
99.4%
1992United States
99.4%
1994United States
99.4%
1998United States
99.4%
2002United States
99.4%
2006United States
99.4%
2010United States
99.4%
2014United States
99.4%
2018United States
98.6%
2014Russia
96.8%
1994Russia
96.7%
1998Russia
96.7%
2002Russia
96.7%
2006Russia
96.7%
2010Russia
96.7%
1924Canada
95.6%
1928Canada
95.6%
1932Canada
95.6%
1936Canada
95.6%
1948Canada
95.6%
1952Canada
95.6%
1956Canada
95.6%
1960Canada
95.6%
1964Canada
95.6%
1984Canada
95.6%
1992Canada
95.6%
1994Canada
95.6%
1998Canada
95.6%
2002Canada
95.6%
2006Canada
95.6%
2010Canada
95.6%
2014Canada
95.3%
1968West Germany
94.9%
1972West Germany
94.9%
1976West Germany
94.9%
1980West Germany
94.9%
1984West Germany
94.9%
1988West Germany
94.9%
1928Germany
93.7%
1932Germany
93.6%
1936Germany
93.6%
1952Germany
93.6%
1956Germany
93.6%
1960Germany
93.6%
1964Germany
93.6%
1992Germany
93.6%
1994Germany
93.6%
1998Germany
93.6%
2002Germany
93.6%
2006Germany
93.6%
2010Germany
93.6%
2014Germany
93.5%
1924Sweden
92.6%
1928Sweden
92.5%
1932Sweden
92.5%
1936Sweden
92.5%
1948Sweden
92.5%
1952Sweden
92.5%
1956Sweden
92.5%
1960Sweden
92.5%
1964Sweden
92.5%
1968Sweden
92.5%
1980Sweden
92.5%
1988Sweden
92.5%
Olympics Country % Correct
2006Sweden
92.5%
2010Sweden
92.5%
1924Norway
92.5%
1928Norway
92.5%
1932Norway
92.5%
1936Norway
92.5%
1948Norway
92.5%
1952Norway
92.5%
1956Norway
92.5%
1960Norway
92.5%
1964Norway
92.5%
1968Norway
92.5%
1972Norway
92.5%
1976Norway
92.5%
1980Norway
92.5%
1984Norway
92.5%
1992Norway
92.5%
1994Norway
92.5%
1998Norway
92.5%
2002Norway
92.5%
2006Norway
92.5%
2010Norway
92.5%
2014Sweden
92.3%
1984Sweden
92%
2014Norway
92%
2018Olympic Athletes from Russia
91.8%
2018Germany
91.3%
2018Canada
90.6%
1924France
89.6%
1928France
89.6%
1932France
89.6%
1936France
89.6%
1948France
89.6%
1960France
89.6%
1964France
89.6%
1968France
89.6%
1992France
89.6%
2002France
89.6%
2010France
89.6%
2014France
89.5%
2018Sweden
88.2%
1924Finland
87.7%
1928Finland
87.7%
1932Finland
87.7%
1936Finland
87.7%
1948Finland
87.7%
1952Finland
87.7%
1956Finland
87.7%
1960Finland
87.7%
1964Finland
87.7%
1968Finland
87.7%
1972Finland
87.7%
1976Finland
87.7%
1980Finland
87.7%
1984Finland
87.7%
1988Finland
87.7%
1992Finland
87.7%
1994Finland
87.7%
1998Finland
87.7%
2018Norway
87.3%
2018France
86.3%
2010China
86.1%
1924Great Britain
85.8%
1928Great Britain
85.8%
1936Great Britain
85.8%
1948Great Britain
85.8%
1952Great Britain
85.8%
1992Japan
84.3%
1998Japan
84.3%
1952Italy
81.9%
1956Italy
81.9%
1964Italy
81.9%
1972Italy
81.9%
1976Italy
81.9%
1988Italy
81.9%
1992Italy
81.9%
1994Italy
81.9%
1998Italy
81.9%
Olympics Country % Correct
2002Italy
81.9%
2006Italy
81.9%
1924Switzerland
77.8%
1928Switzerland
77.8%
1932Switzerland
77.8%
1936Switzerland
77.8%
1948Switzerland
77.8%
1956Switzerland
77.8%
1960Switzerland
77.8%
1972Switzerland
77.8%
1976Switzerland
77.8%
1980Switzerland
77.8%
1984Switzerland
77.8%
1968Switzerland
77.8%
1988Switzerland
77.8%
1994Switzerland
77.8%
2002Switzerland
77.8%
2006Switzerland
77.8%
2014Switzerland
77.4%
1956Soviet Union
77%
1960Soviet Union
77%
1964Soviet Union
77%
1968Soviet Union
77%
1972Soviet Union
77%
1976Soviet Union
77%
1980Soviet Union
77%
1984Soviet Union
77%
1988Soviet Union
77%
1924Austria
74.9%
1928Austria
74.9%
1932Austria
74.9%
1936Austria
74.9%
1948Austria
74.9%
1952Austria
74.9%
1956Austria
74.9%
1960Austria
74.9%
1964Austria
74.9%
1968Austria
74.9%
1972Austria
74.9%
1976Austria
74.9%
1980Austria
74.9%
1988Austria
74.9%
1992Austria
74.9%
1994Austria
74.9%
1998Austria
74.9%
2002Austria
74.9%
2006Austria
74.9%
2010Austria
74.9%
2014Austria
74.4%
2018Switzerland
74.3%
1952Netherlands
72.3%
1968Netherlands
72.3%
1972Netherlands
72.3%
1976Netherlands
72.3%
1988Netherlands
72.3%
1998Netherlands
72.3%
2002Netherlands
72.3%
2014Netherlands
71.7%
2018Netherlands
62.4%
2018South Korea
61.9%
1994South Korea
59.9%
2006South Korea
59.9%
2010South Korea
59.9%
1968East Germany
52.7%
1972East Germany
52.7%
1976East Germany
52.7%
1980East Germany
52.7%
1984East Germany
52.7%
1988East Germany
52.7%
1924Belgium
49.4%
1928Belgium
49.4%
1948Belgium
49.4%
1932Hungary
41.5%
1936Hungary
41.5%
1928Czechoslovakia
35.9%
1984Czechoslovakia
35.9%
1992Unified Team
11.1%
1980Liechtenstein
8.7%

You're not logged in!

Compare scores with friends on all Sporcle quizzes.
OR
Log In

You Might Also Like...

Show Comments

Extras

Top Quizzes Today


Score Distribution

Your Account Isn't Verified!

In order to create a playlist on Sporcle, you need to verify the email address you used during registration. Go to your Sporcle Settings to finish the process.

Report this User

Report this user for behavior that violates our Community Guidelines.

Details: